University Home | Library Home | Institutional Repository

Physical chemistry of macromolecules. (Record no. 100991)

MARC details
000 -LEADER
fixed length control field 00713cam9a220022900 4500
001 - CONTROL NUMBER
control field tmp15374573
003 - CONTROL NUMBER IDENTIFIER
control field UPRA
005 - DATE AND TIME OF LATEST TRANSACTION
control field 20190819100518.0
008 - FIXED-LENGTH DATA ELEMENTS--GENERAL INFORMATION
fixed length control field 950801s1966 nyu eng u
035 ## - SYSTEM CONTROL NUMBER
System control number (Sirsi) r86997
035 ## - SYSTEM CONTROL NUMBER
System control number (UPRA)tmp15374573
040 ## - CATALOGING SOURCE
Transcribing agency UPRA
100 1# - MAIN ENTRY--PERSONAL NAME
Personal name Tanford, Charles, 1921-
Dates associated with a name Tanford, Charles, 1921-
Linkage A46396.1
245 10 - TITLE STATEMENT
Title Physical chemistry of macromolecules.
260 ## - PUBLICATION, DISTRIBUTION, ETC.
Place of publication, distribution, etc. New York :
Name of publisher, distributor, etc. J. Wiley,
Date of publication, distribution, etc. [1966]
500 ## - GENERAL NOTE
General note First published in 1961.
504 ## - BIBLIOGRAPHY, ETC. NOTE
Bibliography, etc. note Includes bibliographical references.
650 #0 - SUBJECT ADDED ENTRY--TOPICAL TERM
Topical term or geographic name entry element Macromolecules.
Linkage S1944.1
650 #0 - SUBJECT ADDED ENTRY--TOPICAL TERM
Topical term or geographic name entry element Chemistry, Physical and theoretical.
Linkage S517.1
949 ## - LOCAL PROCESSING INFORMATION (OCLC)
a QD471
w lcc
i -121144
m MAIN
t BOOK
l ON-SHELF

No items available.

© 2026 - The University of Zambia Library - Koha v25.11